| 000 | 00813nam a2200253 i 4500 | ||
|---|---|---|---|
| 001 | bg | ||
| 100 | 1 | _aCIORANESCU, Doina | |
| 245 | 1 | 0 |
_aAn introduction to homogenization / _cDoina Cioranescu and Patrizia Donato. |
| 260 |
_aOxford : _bOxford University Press, _c1999. |
||
| 300 |
_aIX, 202 s. : _brys. ; _c24 cm. |
||
| 490 | 1 |
_aOxford Lecture Series in Mathematics and its Applications ; _v17 |
|
| 504 | _aBibliogr. s. 252-257. - Indeks. | ||
| 650 | 9 | _aRównania różniczkowe | |
| 650 | 9 |
_aModele matematyczne _xstosowanie |
|
| 700 | 1 | _aDONATO, Patrizia | |
| 830 | _aOxford Lecture Series in Mathematics and its Applications ; | ||
| 020 | _a0198565542 | ||
| 040 | _cBPK | ||
| 041 | 0 | _aen | |
| 080 | _a517.9 | ||
| 920 | _a0-19-856554-2 | ||
| 942 | _cKS | ||
| 008 | s pl f |000 0 pol | ||
| 999 |
_c37579 _d37579 |
||
| 856 |
_uhttp://koha.tu.koszalin.pl/cgi-bin/koha/opac-detail.pl?biblionumber=37579 _yKatalog online BPK |
||